000 00244nas a2200109 a 4500
001 000046749
005 20201002053108.0
008 180321s2017 000 spa d
245 0 _aCiencia & educación.
260 _c2017.
999 _c46238
_d46238
040 _aDO-SdBNP